000 00372nam a2200145Ia 4500
008 230917s9999||||xx |||||||||||||| ||und||
040 _e5013651
_aMAIN
041 _aEnglish
082 _a823.09 N619S
100 _aNilima Prakash
245 0 _aSocial concerns and activism in Doris Lessing's short fiction: A study
260 _c2021
300 _a205 p.
942 _cBK
999 _c10485
_d10485